The world in figures. (Record no. 8767)

MARC details
000 -LEADER
fixed length control field 00779nam a2200277 4500
001 - CONTROL NUMBER
control field 000
005 - DATE AND TIME OF LATEST TRANSACTION
control field 20150526122212.0
007 - PHYSICAL DESCRIPTION FIXED FIELD--GENERAL INFORMATION
fixed length control field 000
008 - FIXED-LENGTH DATA ELEMENTS--GENERAL INFORMATION
fixed length control field 000
010 ## - LIBRARY OF CONGRESS CONTROL NUMBER
LC control number 73000009
020 ## - INTERNATIONAL STANDARD BOOK NUMBER
International Standard Book Number 0471788597
040 ## - CATALOGING SOURCE
Original cataloging agency UOEL
Transcribing agency DLC
Modifying agency DLC
050 00 - LIBRARY OF CONGRESS CALL NUMBER
Classification number Ref G70
Item number .S56 1973
082 00 - DEWEY DECIMAL CLASSIFICATION NUMBER
Classification number 910/.21/2
100 1# - MAIN ENTRY--PERSONAL NAME
Personal name Showers, Victor,
Dates associated with a name 1910-
245 14 - TITLE STATEMENT
Title The world in figures.
260 ## - PUBLICATION, DISTRIBUTION, ETC. (IMPRINT)
Place of publication, distribution, etc New York,
Name of publisher, distributor, etc Wiley
Date of publication, distribution, etc [1973]
300 ## - PHYSICAL DESCRIPTION
Extent xii, 585 p.
Other physical details illus.
Dimensions 26 cm.
500 ## - GENERAL NOTE
General note "A Wiley-Interscience publication."
General note Rev. ed. (c1979) published under title: World facts and figures.
504 ## - BIBLIOGRAPHY, ETC. NOTE
Bibliography, etc Bibliography: p. 535-542.
650 #0 - SUBJECT ADDED ENTRY--TOPICAL TERM
Topical term or geographic name as entry element Geography
General subdivision Tables.
Topical term or geographic name as entry element Cities and towns
General subdivision Statistics.
906 ## - LOCAL DATA ELEMENT F, LDF (RLIN)
a 7
b cbc
c orignew
d 1
e ocip
f 19
g y-gencatlg
942 ## - ADDED ENTRY ELEMENTS (KOHA)
Source of classification or shelving scheme Library of Congress Classification
Item type Reference
Holdings
Withdrawn status Lost status Source of classification or shelving scheme Damaged status Not for loan Home library Current library Shelving location Date acquired Total Checkouts Full call number Barcode Date last seen Copy number Price effective from Koha item type
    Library of Congress Classification     UOE Main Library UOE Main Library Reference 26/05/2015   Ref G70 .S56 1973 918302 26/05/2015 918302 26/05/2015 Reference